Personality, individual differences and intelligence (Record no. 82972)

MARC details
000 -LEADER
fixed length control field 00751 a2200253 4500
003 - CONTROL NUMBER IDENTIFIER
control field CBULib
005 - DATE AND TIME OF LATEST TRANSACTION
control field 20231013105915.0
008 - FIXED-LENGTH DATA ELEMENTS--GENERAL INFORMATION
fixed length control field 231013b |||||||| |||| 00| 0 eng d
020 ## - INTERNATIONAL STANDARD BOOK NUMBER
International Standard Book Number 9780273751168
040 ## - CATALOGING SOURCE
Language of cataloging English
Transcribing agency CBULib
Description conventions rda
041 ## - LANGUAGE CODE
Language code of text/sound track or separate title eng
050 ## - LIBRARY OF CONGRESS CALL NUMBER
Classification number BF 698.9.16 Mal
100 ## - MAIN ENTRY--PERSONAL NAME
Personal name Maltby, John.
245 ## - TITLE STATEMENT
Title Personality, individual differences and intelligence
Statement of responsibility, etc / by John Maltby; Liz Day and Ann Macaskill
250 ## - EDITION STATEMENT
Edition statement Third edition
260 ## - PUBLICATION, DISTRIBUTION, ETC. (IMPRINT)
Name of publisher, distributor, etc Pearson Education,
Date of publication, distribution, etc 2013
Place of publication, distribution, etc Edinburgh
300 ## - PHYSICAL DESCRIPTION
Extent xxvii, 693 pages : illustrations
336 ## - CONTENT TYPE
Source rdacontent
Content type term Text |
337 ## - MEDIA TYPE
Source rdamedia
Media type term Unmediated |
338 ## - CARRIER TYPE
Source rdacarrier
Carrier type term Volume
700 ## - ADDED ENTRY--PERSONAL NAME
9 (RLIN) 845
Personal name Day, Liz
700 ## - ADDED ENTRY--PERSONAL NAME
9 (RLIN) 846
Personal name Macaskill, Ann
942 ## - ADDED ENTRY ELEMENTS (KOHA)
Source of classification or shelving scheme
Koha item type MONOGRAPH
Holdings
Withdrawn status Lost status Source of classification or shelving scheme Damaged status Not for loan Collection code Permanent Location Current Location Shelving location Date acquired Source of acquisition Cost, normal purchase price Full call number Barcode Date last seen Copy number Price effective from Koha item type
          Main Library Open Access Collection CBU-MAIN LIBRARY, KITWE. CBU-MAIN LIBRARY, KITWE. General Stacks 10/13/2023 DON-BOOKAID 98.29 BF 698.9.16 Mal 752254 10/13/2023 1 10/13/2023 MONOGRAPH